Navegamos pese a todo. Reflexionando para transformar la educación en ciencias.

Saved in:
Bibliografiske detaljer
Institution som forfatter: PRETeC (autor)
Format: Bog
Sprog:spansk
Udgivet: Valparaíso, Chile: Pontificia Universidad Católica de Valparaíso, 2018.
Fag:
Tags: Tilføj Tag
Ingen Tags, Vær først til at tagge denne postø!

MARC

LEADER 00000cam a2200000 a 4500
001 UCC8196
003 CL-VaPUC
005 20230914112307.0
008 190607e20180000cl |||||||||||||||||spa|d
999 |c 374569  |d 374567 
040 |c Pontificia Universidad Católica de Valparaíso 
082 0 4 |a 371.3 PRE 2018  |2 21 
110 2 |a PRETeC  |9 602849  |e autor 
245 1 0 |a Navegamos pese a todo.  |b Reflexionando para transformar la educación en ciencias. 
260 |a Valparaíso, Chile:  |b Pontificia Universidad Católica de Valparaíso,  |c 2018. 
300 |a 284 páginas. 
500 |a c.FHP. Donación Fernando Vergara Biblioteca Budge. c.3 Donación Rectoría 2022. 
583 |a last modification  |c 20190607 12:44:00  |k Rodrigo Vera 
650 0 |a Profesores   |9 308968  |x Métodos de enseñanza   |v Estudios de casos   |x Ciencias naturales, ciencias sociales, musicales, etc.  |x Enseñanza Media  
942 |c BK  |2 ddc 
945 |d 20190607 12:44:00  |a dcastane 
952 |0 0  |1 0  |2 ddc  |3 erb  |4 0  |6 371_300000000000000_PRE_2018  |7 0  |8 A  |9 493179  |a BIBCUR  |b BIBCUR  |i 5591066  |l 2  |o 371.3 PRE 2018  |p 5591066  |r 2025-04-22  |s 2024-11-13  |t 1  |w 2019-11-24  |y BK  |z Catalogado en:20190607  |k BIO 
952 |0 0  |1 0  |2 ddc  |4 0  |6 371_300000000000000_PRE_2018  |7 0  |8 X  |9 587551  |a FDOBUD  |b FDOBUD  |d 2022-11-03  |e Donación  |i 5655442  |o 371.3 PRE 2018  |p 5655442  |r 2022-11-03  |w 2022-11-03  |y BK_X  |k FHP 
952 |0 0  |1 0  |2 ddc  |4 0  |6 371_300000000000000_PRE_2018  |7 0  |8 A  |9 591509  |a BIBCUR  |b BIBCUR  |d 2023-09-12  |i 5658481  |l 1  |o 371.3 PRE 2018  |p 5658481  |r 2025-04-22  |s 2023-10-20  |t 2  |w 2023-09-12  |y BK  |k CAC